|
|
|
|
| LEADER |
00000nam0a2200000 4500 |
| 001 |
211648 |
| 005 |
20231101225709.0 |
| 035 |
|
|
|a (RuTPU)RU\TPU\book\231216
|
| 090 |
|
|
|a 211648
|
| 100 |
|
|
|a 20120316d2011 m y0rusy50 ca
|
| 101 |
0 |
|
|a rus
|a eng
|
| 102 |
|
|
|a RU
|
| 105 |
|
|
|a y j 001zy
|
| 200 |
1 |
|
|a Пособие по грамматике и переводу научно-популярных и научных текстов на английском языке для студентов технических вузов
|e учебное пособие для вузов
|f В. Н. Демченко
|g Национальный исследовательский Томский политехнический университет (ТПУ)
|
| 210 |
|
|
|a Томск
|c Изд-во ТПУ
|d 2011
|
| 215 |
|
|
|a 78 с.
|
| 320 |
|
|
|a Библиогр.: с. 77-78.
|
| 330 |
|
|
|a Пособие состоит из теоретической части по грамматике английского языка и практических упражнений на перевод. Все разделы разработаны на основе аутентичных научно-популярных и научных текстов с разнообразными заданиями. Способствует формированию навыков перевода сложных грамматических оборотов и конструкций с использованием научного стиля и специальной терминологии для последующего письменного и устного общения в профессиональной сфере. Предназначено для студентов технических специатьностей, аудиторной и самостоятельной работы.
|
| 606 |
1 |
|
|a Английский язык
|x Учебные руководства и пособия для высшей школы
|x Пособия по грамматике
|2 stltpush
|3 (RuTPU)RU\TPU\subj\29073
|9 52485
|
| 606 |
1 |
|
|a Английский язык
|x Учебные руководства и пособия для высшей школы
|x Пособия по стилистике, переводу
|2 stltpush
|3 (RuTPU)RU\TPU\subj\67887
|9 83516
|
| 610 |
1 |
|
|a грамматические упражнения
|
| 610 |
1 |
|
|a грамматические формы
|
| 610 |
1 |
|
|a научные тексты
|
| 610 |
1 |
|
|a аутентичные тексты
|
| 610 |
1 |
|
|a переводы
|
| 610 |
1 |
|
|a переводческие ошибки
|
| 610 |
1 |
|
|a научный стиль
|
| 610 |
1 |
|
|a задания
|
| 610 |
1 |
|
|a учебные пособия
|
| 610 |
1 |
|
|a труды учёных ТПУ
|
| 686 |
|
|
|a Ш143.21-923.2
|v LBC/SL-A
|2 rubbk
|
| 686 |
|
|
|a Ш143.21-923.7
|v LBC/SL-A
|2 rubbk
|
| 700 |
|
1 |
|a Демченко
|b В. Н.
|c лингвист
|c старший преподаватель Томского политехнического университета
|g Валентина Николаевна
|2 stltpush
|3 (RuTPU)RU\TPU\pers\27078
|
| 712 |
0 |
2 |
|a Национальный исследовательский Томский политехнический университет (ТПУ)
|c (2009- )
|2 stltpush
|3 (RuTPU)RU\TPU\col\15902
|
| 801 |
|
1 |
|a RU
|b 63413507
|c 20120316
|
| 801 |
|
2 |
|a RU
|b 63413507
|c 20131205
|g RCR
|
| 942 |
|
|
|c BK
|